[Event "Hradec Kralove Region-chT 0506"]
[Site "Czech Republic"]
[Date "2006.03.19"]
[Round "10.7"]
[White "Ledl, Svatopluk"]
[Black "Flora, Tomas"]
[Result "1-0"]
[WhiteElo "1789"]
[BlackElo "1832"]
[PlyCount "47"]
[EventDate "2005.10.23"]
[EventType "team-tourn"]
[EventRounds "11"]
[EventCountry "CZE"]
[SourceTitle "EXT 2024"]
[Source "ChessBase"]
[SourceDate "2023.10.10"]
[SourceVersion "1"]
[SourceVersionDate "2023.10.10"]
[SourceQuality "1"]
[WhiteTeam "Horice Jiskra"]
[BlackTeam "Jicin"]
[WhiteTeamCountry "CZE"]
[BlackTeamCountry "CZE"]

1. e4 d6 2. d4 Nf6 3. Bd3 g6 4. Be3 Bg7 5. Ne2 0-0 6. 0-0 Nbd7 7. Qc1 c5 8. c3 b6 9. Bh6 Bb7 10. Bxg7 Kxg7 11. Nd2 Rc8 12. Qe1 Qc7 13. f4 Rcd8 14. Qh4 c4 15. Bc2 e6 16. g4 Rh8 17. Rf2 Rdf8 18. Raf1 b5 19. Ng3 Nb6 20. f5 Nbd7 21. g5 Ne8 22. fxe6 Nb6 23. Qh6+ Kg8 24. exf7+ 1-0